000 00633nam a2200217 4500
003 OSt
005 20240703080350.0
006 a
008 240703b |||||||| |||| 00| 0 eng d
020 _a0071443819
040 _aDWCL-Main lib.
_cOC
082 _aCirc. 628.11 W325 2005
245 _aWater resources systems management tools /
260 _aN.Y. :
_bMcGraw-Hill,
_cc2005.
300 _ax,
_b(various paging) : ill. ;
_c24 cm.
504 _aIncludes bibliographical references and index.
650 _a1. Water supply-Management.
650 _a2. Water.
700 _aLarry W. Mays
942 _2ddc
_n0
_cBK-CIRC
_kCirc.
999 _c1899
_d1899